000
00455nam a2200169Ia 4500
008
090711s9999 xx 000 0 und d
082
_b
74038
100
_a
केळकर र. श.
245
_a
तीन मूर्ती
260
_c
1994
300
_a
110
600
_a
केळकर र. श.
630
_a
तीन मूर्ती
700
_a
केळकर र. श.
730
_a
तीन मूर्ती
942
_c
BOOK
999
_c
297377
_d
297377